01063cam a2200277 a 450000100100000000500170001000800410002702000150006803500190008304000250010208200210012724500740014826001170022230000210033949000190036050000960037965000430047565000330051870000310055170000330058270000280061570000500064370000400069370000310073383000210076400001243820200929163025.0920107s1988 sp b s000 0 spa  a8445100165 a(DLC) 92101753 aDO-SdBNPcDLCdBNPHU a016.370946bB58200aBibliografía pedagógica /cPilar Alonso Rodríguez ... [et al.]. a[Madrid] :bComunidad de Madrid :bConsejería de Cultura :bDirección General de Patrimonio Cultural,c1988. a239 p. ;c21 cm.1 aBibliotecasv1 a"Biblioteca IBERDIDAC, una iniciativa de seleccion bibliografica para educadores y padres." 4aBibliografíaszEspañaxEducación 4aEnseñanzaxBibliografías1 aAlonso Rodríguez, Pilar.1 aCalle Cabrero, Ángel Luis.1 aCarrillo Borroso, Flor.1 aFdez de Áviles Delgado, María Asunción.1 aMediavilla Herreros, María Luisa.1 aNavarro Álvarez, Marina. 0aBibliotecas ;v1